000 00866nas a2200265 4500
001 BR0707117
003 BR-BrBNA
005 20231205111353.0
007 ta
008 230509b bl.|||p| |||| 00| 00por d
040 _aBR-BrBNA
_bpor
_cBiblioteca Nacional de Agricultura
041 _a(En)
072 _aL70; L73
100 1 _aHeadley, S.A.
100 1 _aSaut, I.P.E.
111 1 _a8. Jornada de Medicina Veterinária da UNIPAR
_cUmuarama, PR
_d01-04 Sep 2003
245 1 _aNecrotic enteritis associated with clostridia enterotoxemia in a cow
650 _aVACA
650 _aMORTE SÚBITA
650 _aENTERITE
650 _aENTEROTOXEMIA
773 0 _tArquivos de Ciências Veterinárias e Zoologia da UNIPAR (Brazil)
_xISSN 1415-8167
_g(Jul-Dec 2003), v. 6(2) p. 208
_wBR0707117
909 _a202311
_bLúcia
_c55
_dLúcia Elande
942 _2AGRIS
_n0
_cANA
999 _c192324
_d192324